Die Wärmeübertraging /

Na minha lista:
Detalhes bibliográficos
Autor principal: Bosch, M (Author)
Formato: Livro
Idioma:alemão
Publicado em: b.m.
Edição:3.vyd.
Assuntos:
Tags: Adicionar Tag
Sem tags, seja o primeiro a adicionar uma tag!

MARC

LEADER 00000nam a22000003a 4500
001 stu34877
005 20150617225731.0
008 920327s--------gw------------------ger-d
040 |a STU  |b slo 
041 0 |a ger 
044 |a gw 
080 |a 536.24 
100 1 |a Bosch, M  |4 aut 
245 1 |a Die Wärmeübertraging /  |c [aut.]M. Bosch 
250 |a 3.vyd. 
260 |a b.m. 
300 |a Nestr 
650 7 |a teplo  |2 stusub 
650 7 |a vedenie  |2 stusub 
996 |b 284M062121  |c M*1248-1  |l MMKN  |s A  |a 24  |w stu34877_0001